States and minorities : what are their rights and how to secure them in tne constitution of free India (Record no. 445462)

000 -LEADER
fixed length control field 00639cam a22001817a 4500
008 - FIXED-LENGTH DATA ELEMENTS--GENERAL INFORMATION
fixed length control field 180718b2017 xxu||||| |||| 00| 0 eng d
020 ## - INTERNATIONAL STANDARD BOOK NUMBER
International Standard Book Number 9789351282617
082 ## - DEWEY DECIMAL CLASSIFICATION NUMBER
Classification number A99 Am16/6
100 ## - MAIN ENTRY--PERSONAL NAME
Personal name Ambedkar, B.R.
245 ## - TITLE STATEMENT
Title States and minorities : what are their rights and how to secure them in tne constitution of free India
Statement of responsibility, etc. by B.R. Ambedkar
260 ## - PUBLICATION, DISTRIBUTION, ETC.
Place of publication, distribution, etc. Delhi
Name of publisher, distributor, etc. kalpaz
Date of publication, distribution, etc. 2017
300 ## - PHYSICAL DESCRIPTION
Extent 79p.
440 ## - SERIES STATEMENT/ADDED ENTRY--TITLE
Title Treasure of Ambedkar series 06
650 ## - SUBJECT ADDED ENTRY--TOPICAL TERM
Topical term or geographic name entry element Caste -- India
650 ## - SUBJECT ADDED ENTRY--TOPICAL TERM
Topical term or geographic name entry element India -- Social conditions
650 ## - SUBJECT ADDED ENTRY--TOPICAL TERM
Topical term or geographic name entry element Dalits -- India
650 ## - SUBJECT ADDED ENTRY--TOPICAL TERM
Topical term or geographic name entry element Ambedkar, B. R. -- (Bhimrao Ramji), -- 1891-1956 -- Political and social views
Holdings
Withdrawn status Lost status Damaged status Not for loan Permanent Location Current Location Date acquired Full call number Barcode Date last seen Price effective from Koha item type
        Indian Institute of Public Administration Indian Institute of Public Administration 2017-01-16 A99 Am16/6 86807 2018-07-21 2018-07-21 Book

Powered by Koha